000 00727nam a22002177a 4500
005 20171114100934.0
010 _aENG-121369
020 _c900.00
_a9789380697178
035 _aEN-104901
037 _bDBAD/PUB
082 _a336.3
245 _aTrends and progress in the financial sector :
_cedited by Nirmala Mohan, Annet Pearl [and] Zeenath Zarina
_b24th-27th September,2010 /
260 _aNew Delhi
_bExcel India Publishers
_c2011
270 _a61/28,Dalpat Singh Building, Pratik Market, Munirka
_bNew Delhi
_e110067
300 _a218p.
_c28cm(pbk)
500 _aIncludes index
700 _a Nirmala Mohan
700 _aAnnet Pearl
700 _aZeenath Zarina
942 _2ddc
_cEN
_mTRE
_h336.3
999 _c147373
_d147373